000 01267nam a2200301 a 4500
001 BRCA_3268
005 20190320204209.0
008 120309s1837----enka---###---#000-0#eng-#
041 _aeng
044 _aenk
084 _a569
_b.J66
_c1837
100 1 _aCervantes Saavedra, Miguel de
_d1547-1616
_9213
245 1 0 _aThe Life and Exploits of Don Quixote de la Mancha
_cTranslated from the Spanish of Miguel de Cervantes Saavedra by Charles Jarvis.
260 _aLondres
_bJons and Co.
_c1837
300 _a2 v.
_bil.
_c19 cm.
500 _aContenido : v.1. Primera parte. Vida del autor extractada de la escrita por Mayáns. Prólogo de Cervantes. -- v.2. Segunda parte. Prólogo de Cervantes
500 _aReimpresión de la edición anterior [568] publicada por los mismos editores. Tela Lúdovik Osterc
500 _aQM452A
546 _aTexto en : inglés
650 1 4 _aNovela española
_yÉpoca clásica, 1500-1700
_9215
650 1 4 _aLiteratura española
_yÉpoca clásica, 1500-1700
_9216
650 1 4 _aNovela española
_ySiglo XVII
_9217
650 1 4 _aDon Quijote (Personaje ficticio)
_eNovela
_9218
700 1 _aJarvis, Charles
_d?-1739
_eTraductor
_98685
740 0 _aEl Ingenioso Hidalgo Don Quijote de la Mancha
902 _aQFM
942 _2lcc
_cB
999 _c3004
_d3004